| 000 | 00784nam a2200205Ii 4500 | ||
|---|---|---|---|
| 003 | JO-AjNU | ||
| 008 | 230605s9999||||xx |||||||||||||| ||und|| | ||
| 040 |
_aJO-AjNU _bara _erda _cJO-AjNU |
||
| 041 | _aara | ||
| 050 | 1 | 4 | _aDS109.9.I7392 1987 |
| 100 | 3 |
_aتاليف نظام الدين، عرفان ، م.مشارك الدجاني، علي طاهر, _eauthor _99966 |
|
| 245 | 0 | 0 | _aالقدس ايمان وجهاد |
| 250 | _aط2 | ||
| 264 | 3 | 1 | _aبيروت: المؤسسة العربية للدراسات والنشر، 1987 |
| 300 | _a272ص | ||
| 336 |
_atext _btxt _2rdacontent |
||
| 337 |
_aunmediated _bn _2rdamedia |
||
| 338 |
_avolume _bnc _2rdacarrier |
||
| 650 | 4 |
_aالقدس تاريخ- الاحتلال الاسرائيلي 1948، القدس- سياة وحكومة _99967 |
|
| 999 |
_aA1569 _c5137 _d5137 |
||